00592 a2200181 4500003000400000005001700004008004100021020001800062040000900080082001900089100002500108245003900133260003900172300000900211942004400220952012900264999001700393OSt20231218145611.0231218b |||||||| |||| 00| 0 eng d a9789352296972 coclc a491.431bPRA/A aPrakash, Uday910171 aABOOTHAR KABOOTHAR /cUday Prakash aNew Delhi:bVani Prakashan,c2020. a112p 2ddccBKh491.431iPRA/Ak491.431mPRA/A 00102ddc40708POEaMESbMEScHINd2023-12-18l0o491.431 PRA/Ap43115r2023-12-18 14:56:56v295.00w2023-12-18yBKzGR6R5 c43481d43481